[Event "CAN-ch U14"]
[Site "Windsor"]
[Date "2015.07.09"]
[Round "6.34"]
[White "Wang, Yanning"]
[Black "Balachandran, Henushan"]
[Result "1-0"]
[WhiteElo "1557"]
[BlackElo "966"]
[PlyCount "117"]
[EventDate "2015.07.06"]
[EventType "swiss"]
[EventRounds "7"]
[EventCountry "CAN"]
[SourceTitle "EXT 2022"]
[Source "ChessBase"]
[SourceDate "2021.10.06"]
[SourceVersion "1"]
[SourceVersionDate "2021.10.06"]
[SourceQuality "1"]

1. e4 e5 2. Nf3 Nc6 3. Bc4 Nf6 4. Nc3 Bc5 5. d3 h6 6. Be3 Bb4 7. Qd2 0-0 8. a3 Bxc3 9. Qxc3 d6 10. h3 a6 11. g4 Be6 12. g5 hxg5 13. Bxe6 fxe6 14. Nxg5 Qe7 15. Qb3 Rfe8 16. Qxb7 Nd4 17. Bxd4 exd4 18. Qb4 e5 19. 0-0-0 Nd5 20. exd5 Qxg5+ 21. Qd2 Qg2 22. Rdf1 Qxd5 23. Qg5 Qf7 24. Rh2 Qf4+ 25. Qxf4 exf4 26. Rg1 Rf8 27. h4 Rae8 28. Kd1 Re6 29. Rhg2 Rf7 30. Rg6 Rxg6 31. Rxg6 Kh7 32. Rg5 c5 33. Rh5+ Kg6 34. Rh8 Kf5 35. Ra8 Kg4 36. Rxa6 Rf6 37. Ra7 Rg6 38. Rf7 Kf3 39. b4 Kxf2 40. Rxf4+ Ke3 41. Re4+ Kf3 42. Re1 Rh6 43. b5 Rh8 44. Rf1+ Ke3 45. Rf7 Rxh4 46. Re7+ Kf4 47. b6 Rh8 48. b7 Rb8 49. a4 g5 50. a5 g4 51. a6 g3 52. Rg7 Kf3 53. Rf7+ Ke3 54. Re7+ Kf2 55. a7 g2 56. Re2+ Kf3 57. Rxg2 Rxb7 58. a8Q Kxg2 59. Qxb7+ 1-0

[Event "CAN-ch U14"]
[Site "Windsor"]
[Date "2015.07.08"]
[Round "5.30"]
[White "Yie, Kevin Yi Xiao"]
[Black "Wang, Yanning"]
[Result "0-1"]
[WhiteElo "1826"]
[BlackElo "1557"]
[PlyCount "93"]
[EventDate "2015.07.06"]
[EventType "swiss"]
[EventRounds "7"]
[EventCountry "CAN"]
[SourceTitle "EXT 2022"]
[Source "ChessBase"]
[SourceDate "2021.10.06"]
[SourceVersion "1"]
[SourceVersionDate "2021.10.06"]
[SourceQuality "1"]

1. d4 d5 2. Nf3 Nc6 3. g3 Nf6 4. Bg2 Bf5 5. 0-0 e6 6. c3 Bd6 7. Nbd2 Ne4 8. Nxe4 Bxe4 9. Ne1 Bxg2 10. Nxg2 Qd7 11. Qc2 0-0-0 12. b4 Ne7 13. a4 Ng6 14. Be3 h5 15. h4 e5 16. b5 b6 17. a5 Qxb5 18. axb6 axb6 19. Rfb1 Qc6 20. Qf5+ Qd7 21. Qd3 Qc6 22. Bg5 Rd7 23. Ra7 Qc4 24. Rba1 Qxd3 25. exd3 f6 26. Bd2 Rdd8 27. Ne3 Ne7 28. dxe5 fxe5 29. Nc2 Nc6 30. R7a4 Kd7 31. Bg5 Be7 32. Bd2 Rhf8 33. d4 e4 34. Bf4 Bxh4 35. Ne3 Ke6 36. Bxc7 Rd7 37. Bxb6 Rb7 38. Bc5 Bg5 39. Bxf8 Bxe3 40. fxe3 Rf7 41. Ra6 Rxf8 42. Rxc6+ Kf5 43. Rf1+ Kg4 44. Rxf8 Kxg3 45. Rg6+ Kh3 46. Rf2 h4 47. Rh2# 0-1